000 00623cam a22002173a 4500
001 46019
003 PGUSA
005 20140828084057.0
008 140618s2014||||xxu|||||s|||||000 | eng d
040 _aPGUSA
_beng
042 _adc
100 1 _aHannah, Ian C.
245 1 0 _aCapitals of the Northlands :
_bTales of Ten Cities
_h[electronic resource] /
_cIan C. Hannah
260 _bProject Gutenberg,
_c2014
506 _aPublic domain in the USA.
516 _aElectronic text
700 1 _aHannah, Edith Brand
830 0 _aProject Gutenberg
_v46019
856 4 0 _uhttp://www.gutenberg.org/ebooks/46019
942 _cEB
999 _c275268
_d275268